Nota kaki
| Main Author: | |
|---|---|
| Format: | Book |
| Published: |
NY :
Doubleday ,
2010
|
| Subjects: |
MARC
| LEADER | 00000cam a2200000 7i4500 | ||
|---|---|---|---|
| 001 | 0000030104 | ||
| 005 | 20110105.0 | ||
| 008 | 110105 | ||
| 020 | |a 9675875007 | ||
| 090 | 0 | 0 | |a 089.9923 |b JOH |
| 100 | 0 | |a Johan Jaafar | |
| 245 | 1 | 0 | |a Nota kaki |c Johan Jaafar |
| 260 | |a NY : |b Doubleday , |c 2010 | ||
| 610 | 0 | |a Johan Jaafar, datuk, 1953- | |
| 650 | 0 | |a Journalism |z Malaysia-Authorship | |
| 650 | 0 | |a Newspapers-sections, columns, etc. | |
| 999 | |a 0001073416 |b Book |c Adult Collection |e Perbadanan Perpustakaan Awam Johor | ||